00450nam a2200181Ia 4500003000400000005001700004008004100021020001800062040000700080041000800087082002100095100002700116245004200143250000700185260004700192300001600239365001300255OSt20230415094506.0210423s2011 xx 000 0 und d a9788131723739 cAL aeng a658.403 RENB223 aRENDER (Barry);others. aQuantitative analysis for management. a10 aNew DelhibPearson Education Pvt Ltdc2011 axix,744bPB b599cINR